Statistics for Richest Countries That Speak a Romance Language

Click here to take the quiz!

General Stats

  • This quiz has been taken 52 times
  • The average score is 13 of 15

Answer Stats

GDPCountry% Correct
$56.040France
100%
$45.410Spain
100%
$48.820Italy
96%
$203.000Monaco
96%
$38.400Portugal
96%
$84.660Switzerland
96%
$63.600Andorra
94%
$70.140San Marino
94%
$35.820Romania
92%
$26.660Argentina
84%
$61.590Belgium
84%
$30.000Chile
80%
$28.530Uruguay
76%
$57.810Canada
73%
$36.210Panama
67%

Score Distribution

Percentile by Number Answered

Percent of People with Each Score

Your Score History

You have not taken this quiz